000 00410nam a22001697a 4500
005 20180606121808.0
008 160611b xxu||||| |||| 00| 0 eng d
020 _a0-07-058759-0
041 _aeng
082 _b6806
_a650.01513
100 _aDon, Eugene Lerner, Toel
_91686
245 _aBasic Business Mathematics
260 _aNew Delhi
_bTMH
300 _a243
650 _aManagement
_9241
942 _cBK
999 _c2379
_d2378